| 000 | 00328cam a22001217a 4500 | ||
|---|---|---|---|
| 008 | 180718b2000 xxu||||| |||| 00| 0 eng d | ||
| 020 | _a81 86803 60 2 | ||
| 100 | _aSharma , Harisanker | ||
| 245 |
_aAdhunik vishva _cby Harisanker Sharma |
||
| 260 |
_aJaipur _bMalik And Cokmpany _c2000 |
||
| 300 | _a696p. | ||
| 650 | _aModren world | ||
| 999 |
_c440396 _d440396 |
||